000 00484nam a2200157 a 4500
001 000037823
005 20201002031124.0
008 110222s19uu dr 000 0 spa d
040 _aDO-SdBNP
_bspa
_cBNPHU
082 _axxx
_bC764c
100 1 _aContreras Núñez, Carlos
_d1951-
_952572
245 1 0 _aConceptos básicos de contabilidad general /
_cCarlos Contreras Núñez.
260 _a[Santo Domingo] :
_f[s.n.]
_c198-?].
300 _a215. p. ;
_c22 cm.
504 _aBibliografía :
999 _c37313
_d37313